Statistics for Dog Breeds #1

Click here to take the quiz!

General Stats

  • This quiz has been taken 25 times
  • The average score is 3 of 6

Answer Stats

HintAnswer% Correct
Also known as the "sausage dog"Dachshund
100%
This dog is named after a mexican stateChihuahua
76%
Snoopy is this type of dogBeagle
59%
This dog is named after a island off the coast of CanadaNewfoundland
53%
The biggest dog breed in terms of massEnglish Mastiff
12%
This dog is the most popular dog breed as of 2019Staffordshire Bull Terrier
0%

Score Distribution

Percentile by Number Answered

Percent of People with Each Score

Your Score History

You have not taken this quiz